[Event "MSRCH16"]
[Site "?"]
[Date "2026.04.17"]
[Round "9.1"]
[White "Sichnenko, Grigorij"]
[Black "Meszaros, Casey Ryan"]
[Result "0-1"]
[BlackElo "2204"]
[WhiteElo "2062"]
[LiveChessVersion "1.4.8"]

1. d4 {[%clk 1:30:57]} Nf6 {[%clk 1:30:43]} 2. Nf3 {[%clk 1:31:18]} e6
{[%clk 1:30:56]} 3. e3 {[%clk 1:31:39]} b6 {[%clk 1:31:10]} 4. Bd3
{[%clk 1:31:52]} Bb7 {[%clk 1:31:36]} 5. Nbd2 {[%clk 1:32:10]} c5
{[%clk 1:31:27]} 6. O-O {[%clk 1:32:07]} Be7 {[%clk 1:30:56]} 7. b3
{[%clk 1:25:35]} d6 {[%clk 1:25:52]} 8. Bb2 {[%clk 1:25:22]} Nbd7
{[%clk 1:25:27]} 9. e4 {[%clk 1:15:38]} cxd4 {[%clk 1:24:15]} 10. Nxd4
{[%clk 1:15:39]} O-O {[%clk 1:15:04]} 11. c4 {[%clk 1:09:18]} Re8
{[%clk 0:54:29]} 12. Re1 {[%clk 1:03:20]} Nc5 {[%clk 0:49:19]} 13. Bc2
{[%clk 1:00:16]} e5 {[%clk 0:46:33]} 14. Nb5 {[%clk 0:54:15]} Ne6
{[%clk 0:36:38]} 15. Nf1 {[%clk 0:50:11]} a6 {[%clk 0:34:59]} 16. Nc3
{[%clk 0:48:51]} Nd4 {[%clk 0:34:48]} 17. Ne3 {[%clk 0:39:09]} Rc8
{[%clk 0:33:29]} 18. Qd3 {[%clk 0:31:31]} Qc7 {[%clk 0:31:05]} 19. f3
{[%clk 0:28:49]} g6 {[%clk 0:27:39]} 20. Rad1 {[%clk 0:27:45]} Bf8
{[%clk 0:24:37]} 21. Ne2 {[%clk 0:24:41]} Ne6 {[%clk 0:22:01]} 22. Ba3
{[%clk 0:23:44]} Red8 {[%clk 0:21:28]} 23. Bb1 {[%clk 0:21:44]} d5
{[%clk 0:14:01]} 24. Bxf8 {[%clk 0:16:38]} dxe4 {[%clk 0:13:19]} 25. Qc2
{[%clk 0:13:54]} exf3 {[%clk 0:12:28]} 26. Nc3 {[%clk 0:10:24]} Kxf8
{[%clk 0:11:21]} 0-1

[Event "MSRCH16"]
[Site "?"]
[Date "2026.04.17"]
[Round "9.2"]
[White "Mrazik, Lukas"]
[Black "Durovka, Marek"]
[Result "0-1"]
[BlackElo "2054"]
[WhiteElo "1929"]
[LiveChessVersion "1.4.8"]

1. e4 {[%clk 1:30:54]} c5 {[%clk 1:30:50]} 2. Nf3 {[%clk 1:31:20]} Nc6
{[%clk 1:31:05]} 3. d4 {[%clk 1:31:40]} cxd4 {[%clk 1:31:28]} 4. Nxd4
{[%clk 1:32:05]} Nf6 {[%clk 1:31:49]} 5. Nc3 {[%clk 1:32:17]} d6 {[%clk 1:32:11]}
6. f3 {[%clk 1:32:19]} e5 {[%clk 1:32:30]} 7. Nb3 {[%clk 1:32:33]} Be7
{[%clk 1:32:28]} 8. Be3 {[%clk 1:32:55]} O-O {[%clk 1:32:50]} 9. Qd2
{[%clk 1:33:10]} a5 {[%clk 1:33:04]} 10. a4 {[%clk 1:19:03]} Be6 {[%clk 1:32:09]}
11. O-O-O {[%clk 1:12:15]} Nb4 {[%clk 1:31:12]} 12. Kb1 {[%clk 1:12:12]} d5
{[%clk 1:27:03]} 13. exd5 {[%clk 1:10:25]} Nbxd5 {[%clk 1:26:40]} 14. Bc4
{[%clk 1:02:27]} Bb4 {[%clk 1:12:59]} 15. Bc5 {[%clk 0:58:29]} Bxc3
{[%clk 0:30:59]} 16. bxc3 {[%clk 0:58:05]} Rc8 {[%clk 0:29:17]} 17. Bxd5
{[%clk 0:51:31]} Bxd5 {[%clk 0:28:29]} 18. c4 {[%clk 0:35:32]} Bxc4
{[%clk 0:25:50]} 19. Bxf8 {[%clk 0:34:23]} Qxf8 {[%clk 0:26:19]} 20. Qd6
{[%clk 0:33:04]} Qe8 {[%clk 0:26:28]} 21. Nc5 {[%clk 0:29:49]} Rc6
{[%clk 0:24:21]} 22. Qd8 {[%clk 0:19:37]} Rxc5 {[%clk 0:24:31]} 23. Rd2
{[%clk 0:19:32]} Bd5 {[%clk 0:20:32]} 24. Qxe8+ {[%clk 0:17:45]} Nxe8
{[%clk 0:21:01]} 25. Rhd1 {[%clk 0:18:07]} Bc6 {[%clk 0:21:18]} 26. Rd8
{[%clk 0:17:55]} Kf8 {[%clk 0:21:20]} 27. Rc8 {[%clk 0:17:30]} Ke7
{[%clk 0:19:26]} 0-1

[Event "MSRCH16"]
[Site "?"]
[Date "2026.04.17"]
[Round "9.3"]
[White "Bilik, Matej"]
[Black "Holecko, Samuel"]
[Result "1-0"]
[BlackElo "1812"]
[WhiteElo "2009"]
[LiveChessVersion "1.4.8"]

1. e4 {[%clk 1:30:59]} c5 {[%clk 1:30:18]} 2. Nf3 {[%clk 1:31:18]} Nc6
{[%clk 1:30:43]} 3. Bb5 {[%clk 1:31:40]} g6 {[%clk 1:31:09]} 4. Bxc6
{[%clk 1:32:03]} bxc6 {[%clk 1:31:16]} 5. O-O {[%clk 1:31:52]} Bg7
{[%clk 1:30:54]} 6. Re1 {[%clk 1:32:09]} e5 {[%clk 1:30:48]} 7. b4
{[%clk 1:31:31]} cxb4 {[%clk 1:27:59]} 8. a3 {[%clk 1:31:54]} bxa3
{[%clk 1:27:15]} 9. Bxa3 {[%clk 1:32:14]} Ne7 {[%clk 1:21:39]} 10. Bd6
{[%clk 1:32:13]} O-O {[%clk 1:19:48]} 11. Nxe5 {[%clk 1:26:13]} Bxe5
{[%clk 1:09:47]} 12. Bxe5 {[%clk 1:26:35]} d6 {[%clk 1:09:45]} 13. Bf6
{[%clk 1:26:17]} Be6 {[%clk 1:07:42]} 14. d4 {[%clk 1:26:24]} d5 {[%clk 1:02:17]}
15. Qd2 {[%clk 1:02:52]} dxe4 {[%clk 1:00:38]} 16. Qg5 {[%clk 1:03:14]} Re8
{[%clk 0:59:38]} 17. g4 {[%clk 1:00:37]} Bd5 {[%clk 0:54:17]} 18. Re3
{[%clk 1:00:26]} Qd6 {[%clk 0:52:01]} 19. Rh3 {[%clk 0:58:56]} Bc4
{[%clk 0:45:38]} 20. Rxh7 {[%clk 0:58:21]} Qxf6 21. Qxf6 {[%clk 0:58:45]} Kxh7
{[%clk 0:46:19]} 22. Ra3 {[%clk 0:59:09]} 1-0

[Event "MSRCH16"]
[Site "?"]
[Date "2026.04.17"]
[Round "9.4"]
[White "Boros, David"]
[Black "Bartelt, Tobias"]
[Result "1-0"]
[BlackElo "1830"]
[WhiteElo "1966"]
[LiveChessVersion "1.4.8"]

1. e4 {[%clk 1:30:52]} c5 {[%clk 1:30:47]} 2. Nf3 {[%clk 1:31:12]} Nc6
{[%clk 1:31:12]} 3. Bb5 {[%clk 1:31:33]} g6 {[%clk 1:31:37]} 4. O-O
{[%clk 1:31:02]} Bg7 {[%clk 1:32:01]} 5. d3 {[%clk 1:30:39]} Nf6 {[%clk 1:26:36]}
6. Bxc6 {[%clk 1:28:51]} dxc6 {[%clk 1:27:00]} 7. Nc3 {[%clk 1:25:01]} Qc7
{[%clk 1:18:06]} 8. a4 {[%clk 1:21:20]} a5 {[%clk 1:17:44]} 9. Be3
{[%clk 1:16:15]} b6 {[%clk 1:16:25]} 10. h3 {[%clk 1:12:51]} e5 {[%clk 1:16:22]}
11. Nd2 {[%clk 1:05:13]} Nh5 {[%clk 1:10:35]} 12. Nc4 {[%clk 1:01:32]} O-O
{[%clk 1:04:19]} 13. Rb1 {[%clk 0:55:12]} Nf4 {[%clk 1:02:47]} 14. Bxf4
{[%clk 0:51:15]} exf4 {[%clk 1:01:57]} 15. Re1 {[%clk 0:49:01]} Be6
{[%clk 1:01:00]} 16. Nd2 {[%clk 0:47:44]} f6 {[%clk 1:00:01]} 17. Qf3
{[%clk 0:45:50]} g5 {[%clk 0:56:42]} 18. Ne2 {[%clk 0:40:58]} Qf7
{[%clk 0:53:41]} 19. Red1 {[%clk 0:36:23]} h5 {[%clk 0:53:07]} 20. d4
{[%clk 0:35:25]} Bh6 {[%clk 0:50:21]} 21. Qc3 {[%clk 0:33:39]} g4
{[%clk 0:48:56]} 22. dxc5 {[%clk 0:31:39]} gxh3 {[%clk 0:48:10]} 23. gxh3
{[%clk 0:32:01]} bxc5 {[%clk 0:44:36]} 24. Kh2 {[%clk 0:30:50]} Qc7
{[%clk 0:41:23]} 25. Nf3 {[%clk 0:29:51]} Qe7 {[%clk 0:30:56]} 26. Nh4
{[%clk 0:27:43]} Rf7 {[%clk 0:24:50]} 27. Qf3 {[%clk 0:27:07]} Bg5
{[%clk 0:22:25]} 28. Ng6 {[%clk 0:19:33]} Qe8 {[%clk 0:21:25]} 29. Ngxf4
{[%clk 0:19:29]} Qb8 {[%clk 0:14:26]} 30. Kh1 {[%clk 0:19:12]} Bxh3
{[%clk 0:13:16]} 31. Nxh3 {[%clk 0:19:18]} Qe5 {[%clk 0:11:34]} 32. Qg2
{[%clk 0:18:33]} Rg7 {[%clk 0:11:32]} 33. Rg1 {[%clk 0:16:57]} Raa7
{[%clk 0:11:57]} 34. Qf3 {[%clk 0:15:10]} Rae7 {[%clk 0:11:44]} 35. Nc3
{[%clk 0:13:35]} Qe6 {[%clk 0:10:53]} 36. Rbd1 {[%clk 0:12:03]} Re8
{[%clk 0:10:32]} 37. Qf5 {[%clk 0:08:22]} Qxf5 {[%clk 0:09:55]} 38. exf5
{[%clk 0:08:48]} Re5 {[%clk 0:10:17]} 39. f4 {[%clk 0:08:57]} Re3
{[%clk 0:10:28]} 40. Rd8+ {[%clk 0:07:05]} Kh7 {[%clk 0:10:36]} 41. Nxg5+
{[%clk 0:05:33]} fxg5 {[%clk 0:10:59]} 42. Rxg5 {[%clk 0:05:56]} Rb7
{[%clk 0:10:14]} 43. f6 {[%clk 0:04:50]} h4 {[%clk 0:09:37]} 44. f5
{[%clk 0:03:34]} Rh3+ {[%clk 0:09:02]} 45. Kg2 {[%clk 0:03:31]} Rg3+
{[%clk 0:09:25]} 46. Rxg3 {[%clk 0:03:55]} hxg3 {[%clk 0:09:52]} 47. Re8
{[%clk 0:03:49]} Rxb2 {[%clk 0:09:28]} 48. f7 {[%clk 0:03:59]} Rxc2+
{[%clk 0:09:53]} 49. Kxg3 {[%clk 0:03:43]} Rxc3+ {[%clk 0:10:14]} 50. Kg4
{[%clk 0:04:00]} Rc4+ {[%clk 0:10:36]} 51. Kg5 {[%clk 0:04:18]} 1-0

[Event "MSRCH16"]
[Site "?"]
[Date "2026.04.17"]
[Round "9.5"]
[White "Vasko, Matej"]
[Black "Ropovik, Samuel"]
[Result "1-0"]
[BlackElo "2072"]
[WhiteElo "2013"]
[LiveChessVersion "1.4.8"]

1. e4 {[%clk 1:30:56]} c5 {[%clk 1:30:30]} 2. Nf3 {[%clk 1:31:15]} d6
{[%clk 1:29:43]} 3. d4 {[%clk 1:31:35]} cxd4 {[%clk 1:30:08]} 4. Nxd4
{[%clk 1:32:01]} Nf6 {[%clk 1:30:23]} 5. Nc3 {[%clk 1:32:23]} Nc6
{[%clk 1:30:29]} 6. f3 {[%clk 1:32:40]} e5 {[%clk 1:29:28]} 7. Nb3
{[%clk 1:33:05]} Be7 {[%clk 1:28:42]} 8. Be3 {[%clk 1:33:19]} O-O
{[%clk 1:27:59]} 9. Qd2 {[%clk 1:33:45]} a5 {[%clk 1:28:14]} 10. Bb5
{[%clk 1:33:42]} Na7 {[%clk 1:24:02]} 11. Bd3 {[%clk 1:33:26]} Be6
{[%clk 1:20:18]} 12. Rd1 {[%clk 1:27:14]} Nc8 {[%clk 1:16:32]} 13. Qf2
{[%clk 1:20:58]} a4 {[%clk 1:02:39]} 14. Nc1 {[%clk 1:20:51]} Qa5
{[%clk 0:59:10]} 15. Bd2 {[%clk 1:15:12]} Qb6 {[%clk 0:56:04]} 16. N1e2
{[%clk 1:13:04]} Qxf2+ {[%clk 0:53:48]} 17. Kxf2 {[%clk 1:13:24]} Nb6
{[%clk 0:51:59]} 18. Be3 {[%clk 1:08:03]} Nfd7 {[%clk 0:44:58]} 19. Nd5
{[%clk 0:55:19]} Nxd5 {[%clk 0:41:06]} 20. exd5 {[%clk 0:55:33]} Bxd5
{[%clk 0:41:08]} 21. Bxh7+ {[%clk 0:54:27]} Kxh7 {[%clk 0:41:37]} 22. Rxd5
{[%clk 0:54:48]} Rfc8 {[%clk 0:40:30]} 23. c3 {[%clk 0:50:02]} Kg6
{[%clk 0:34:06]} 24. Rhd1 {[%clk 0:45:14]} b6 {[%clk 0:29:03]} 25. a3
{[%clk 0:37:08]} Nc5 {[%clk 0:26:57]} 26. Ng3 {[%clk 0:33:20]} Rh8
{[%clk 0:19:31]} 27. Kg1 {[%clk 0:28:36]} Rh4 {[%clk 0:15:33]} 28. Bxc5
{[%clk 0:27:36]} bxc5 {[%clk 0:13:35]} 29. Ne4 {[%clk 0:27:28]} Rb8
{[%clk 0:12:40]} 30. R1d2 {[%clk 0:25:11]} Rhh8 {[%clk 0:08:51]} 31. Nxd6
{[%clk 0:10:34]} Bg5 {[%clk 0:09:12]} 32. Re2 {[%clk 0:07:13]} Bc1
{[%clk 0:04:26]} 33. Nc4 {[%clk 0:07:18]} f6 {[%clk 0:02:21]} 34. Rc2
{[%clk 0:04:46]} Bf4 {[%clk 0:00:32]} 35. g3 {[%clk 0:04:59]} Bg5
{[%clk 0:00:33]} 36. h4 {[%clk 0:03:52]} Bh6 {[%clk 0:00:55]} 37. Kf2
{[%clk 0:03:24]} Rhc8 {[%clk 0:01:04]} 38. Ke2 {[%clk 0:01:40]} Rb7
{[%clk 0:00:34]} 39. Nd6 {[%clk 0:01:09]} Rd8 {[%clk 0:00:54]} 40. Nxb7
{[%clk 0:01:28]} Rxd5 {[%clk 0:01:23]} 41. c4 {[%clk 0:27:42]} 1-0

[Event "MSRCH16"]
[Site "?"]
[Date "2026.04.17"]
[Round "9.6"]
[White "Simko, Jakub"]
[Black "Ondreicka, Roman"]
[Result "1/2-1/2"]
[BlackElo "1999"]
[WhiteElo "2025"]
[LiveChessVersion "1.4.8"]

1. d4 {[%clk 1:30:56]} Nf6 {[%clk 1:30:48]} 2. c4 {[%clk 1:30:49]} e6
{[%clk 1:31:15]} 3. Nc3 {[%clk 1:31:04]} Bb4 {[%clk 1:31:40]} 4. e3
{[%clk 1:31:24]} b6 {[%clk 1:31:59]} 5. Nge2 {[%clk 1:31:16]} Ne4
{[%clk 1:32:03]} 6. Qc2 {[%clk 1:28:22]} Bb7 {[%clk 1:31:59]} 7. a3
{[%clk 1:28:19]} Bxc3+ {[%clk 1:31:35]} 8. Nxc3 {[%clk 1:28:39]} Nxc3
{[%clk 1:32:02]} 9. Qxc3 {[%clk 1:24:26]} d6 {[%clk 1:32:05]} 10. f3
{[%clk 1:21:04]} Nd7 {[%clk 1:17:55]} 11. Be2 {[%clk 1:17:47]} f5
{[%clk 1:13:03]} 12. O-O {[%clk 1:17:04]} O-O {[%clk 1:12:55]} 13. b4
{[%clk 1:16:25]} c5 {[%clk 1:09:17]} 14. Bb2 {[%clk 1:15:15]} Qe7
{[%clk 1:00:09]} 15. Rad1 {[%clk 1:09:40]} Rfd8 {[%clk 0:57:11]} 16. Rfe1
{[%clk 1:06:34]} e5 {[%clk 0:42:40]} 17. d5 {[%clk 1:03:49]} Rf8 {[%clk 0:42:14]}
18. f4 {[%clk 0:47:47]} e4 {[%clk 0:40:47]} 19. Kh1 {[%clk 0:46:48]} Nf6
{[%clk 0:39:53]} 20. Rg1 {[%clk 0:43:41]} h5 {[%clk 0:38:15]} 21. g3
{[%clk 0:40:57]} Kf7 {[%clk 0:36:20]} 22. h4 {[%clk 0:38:29]} g6 {[%clk 0:34:16]}
23. bxc5 {[%clk 0:33:00]} bxc5 {[%clk 0:34:19]} 24. Rb1 {[%clk 0:28:49]} Rfb8
{[%clk 0:34:03]} 25. Ba1 {[%clk 0:28:04]} Bc8 {[%clk 0:31:51]} 26. Kg2
{[%clk 0:26:24]} Rb6 {[%clk 0:22:59]} 27. Rb2 {[%clk 0:23:25]} Rab8
{[%clk 0:18:40]} 28. Rgb1 {[%clk 0:22:36]} Bd7 {[%clk 0:14:18]} 29. Qa5
{[%clk 0:20:25]} Rxb2 {[%clk 0:14:07]} 30. Rxb2 {[%clk 0:19:24]} Rxb2
{[%clk 0:14:15]} 31. Bxb2 {[%clk 0:19:53]} Be8 {[%clk 0:14:30]} 32. Qa6
{[%clk 0:17:07]} Qc7 {[%clk 0:14:23]} 33. Bc3 {[%clk 0:15:30]} Bd7
{[%clk 0:13:13]} 34. Qa5 {[%clk 0:11:06]} Qb6 {[%clk 0:12:40]} 35. Qxb6
{[%clk 0:08:30]} axb6 {[%clk 0:13:09]} 36. Bxf6 {[%clk 0:07:15]} 1/2-1/2

[Event "MSRCH16"]
[Site "?"]
[Date "2026.04.17"]
[Round "9.7"]
[White "Janoska, Peter"]
[Black "Jursa, Juraj"]
[Result "0-1"]
[BlackElo "2001"]
[WhiteElo "1953"]
[LiveChessVersion "1.4.8"]

1. d4 {[%clk 1:30:49]} Nf6 {[%clk 1:30:19]} 2. c4 {[%clk 1:31:12]} g6
{[%clk 1:30:45]} 3. Nf3 {[%clk 1:31:32]} Bg7 {[%clk 1:31:09]} 4. e3
{[%clk 1:31:47]} O-O {[%clk 1:31:05]} 5. Be2 {[%clk 1:31:44]} d6 {[%clk 1:31:11]}
6. Nc3 {[%clk 1:31:59]} Nbd7 {[%clk 1:31:13]} 7. b4 {[%clk 1:31:25]} e5
{[%clk 1:30:05]} 8. Bb2 {[%clk 1:31:16]} Re8 {[%clk 1:20:58]} 9. Qb3
{[%clk 1:30:58]} e4 {[%clk 1:20:19]} 10. Nd2 {[%clk 1:30:41]} Qe7
{[%clk 1:09:27]} 11. a4 {[%clk 1:25:21]} Nf8 {[%clk 1:02:12]} 12. a5
{[%clk 1:20:29]} a6 {[%clk 1:02:04]} 13. O-O {[%clk 1:13:50]} h5 {[%clk 1:01:24]}
14. Rfb1 {[%clk 1:10:25]} Bf5 {[%clk 0:59:32]} 15. Qd1 {[%clk 1:07:29]} Ne6
{[%clk 0:55:35]} 16. b5 {[%clk 0:58:12]} h4 {[%clk 0:36:25]} 17. h3
{[%clk 0:50:27]} Ng5 {[%clk 0:35:36]} 18. Bf1 {[%clk 0:42:06]} Qd7
{[%clk 0:33:18]} 19. Ra3 {[%clk 0:40:07]} Ne6 {[%clk 0:24:24]} 20. bxa6
{[%clk 0:28:20]} bxa6 {[%clk 0:24:48]} 21. Rb3 {[%clk 0:27:26]} g5
{[%clk 0:18:58]} 22. Nd5 {[%clk 0:17:35]} Nxd5 {[%clk 0:15:15]} 23. cxd5
{[%clk 0:17:59]} Nf8 {[%clk 0:14:59]} 24. Rb7 {[%clk 0:17:46]} Ng6
{[%clk 0:12:56]} 25. Rc1 {[%clk 0:16:36]} Rec8 {[%clk 0:11:43]} 26. Qc2
{[%clk 0:13:45]} Ne7 {[%clk 0:10:15]} 27. Qc4 {[%clk 0:08:44]} Qd8
{[%clk 0:08:35]} 28. Ba3 {[%clk 0:05:47]} c6 {[%clk 0:08:20]} 29. dxc6
{[%clk 0:03:16]} Rxc6 {[%clk 0:08:38]} 30. Qb3 {[%clk 0:03:17]} Be6
{[%clk 0:05:13]} 31. Qb2 {[%clk 0:03:02]} Bd5 {[%clk 0:04:03]} 32. Rxc6
{[%clk 0:02:52]} Nxc6 {[%clk 0:04:22]} 33. Rb6 {[%clk 0:02:44]} Bf8
{[%clk 0:04:17]} 34. Qc3 {[%clk 0:02:34]} Qc7 {[%clk 0:03:45]} 35. Bxa6
{[%clk 0:01:40]} Be7 {[%clk 0:02:39]} 36. Nb3 {[%clk 0:00:49]} Bxb3
{[%clk 0:01:39]} 37. Qxb3 {[%clk 0:01:01]} Nxa5 {[%clk 0:00:50]} 38. Bf1
{[%clk 0:00:38]} Nxb3 {[%clk 0:00:51]} 0-1

[Event "MSRCH16"]
[Site "?"]
[Date "2026.04.17"]
[Round "9.8"]
[White "Mazag, Martin"]
[Black "Sekerak, Filip"]
[Result "1-0"]
[BlackElo "1764"]
[WhiteElo "1975"]
[LiveChessVersion "1.4.8"]

1. e4 {[%clk 1:30:57]} e5 {[%clk 1:30:55]} 2. Nf3 {[%clk 1:31:23]} Nc6
{[%clk 1:31:24]} 3. Bc4 {[%clk 1:31:46]} Bc5 {[%clk 1:31:50]} 4. d3
{[%clk 1:32:05]} Nf6 {[%clk 1:32:16]} 5. O-O {[%clk 1:31:59]} h6 {[%clk 1:32:22]}
6. a4 {[%clk 1:31:35]} d6 {[%clk 1:32:24]} 7. c3 {[%clk 1:31:56]} a5
{[%clk 1:32:26]} 8. Nbd2 {[%clk 1:31:40]} O-O {[%clk 1:31:51]} 9. Re1
{[%clk 1:32:03]} Be6 {[%clk 1:30:21]} 10. Qb3 {[%clk 1:31:37]} Qd7
{[%clk 1:28:08]} 11. Nf1 {[%clk 1:27:49]} Rfe8 {[%clk 1:17:04]} 12. Be3
{[%clk 1:25:37]} Bxe3 {[%clk 1:09:23]} 13. Nxe3 {[%clk 1:25:49]} Ne7
{[%clk 1:07:23]} 14. Qc2 {[%clk 1:21:55]} Ng4 {[%clk 0:59:32]} 15. Bxe6
{[%clk 1:16:48]} Qxe6 {[%clk 0:56:53]} 16. h3 {[%clk 1:16:30]} Nxe3
{[%clk 0:57:07]} 17. Rxe3 {[%clk 1:16:58]} f5 {[%clk 0:56:44]} 18. exf5
{[%clk 1:16:42]} Qxf5 {[%clk 0:56:18]} 19. Qb3+ {[%clk 1:11:45]} Qf7
{[%clk 0:52:49]} 20. Qxb7 {[%clk 1:08:57]} Nd5 {[%clk 0:49:16]} 21. Re2
{[%clk 1:08:30]} Rab8 {[%clk 0:49:12]} 22. Qc6 {[%clk 1:02:39]} Nf4
{[%clk 0:49:22]} 23. Rd2 {[%clk 0:59:21]} Qg6 {[%clk 0:47:54]} 24. g3
{[%clk 0:54:42]} Nxh3+ {[%clk 0:47:57]} 25. Kh2 {[%clk 0:54:18]} Qh5
{[%clk 0:47:33]} 26. Qc4+ {[%clk 0:49:48]} Kh8 {[%clk 0:45:47]} 27. g4
{[%clk 0:49:10]} Qg6 {[%clk 0:40:41]} 28. Kxh3 {[%clk 0:48:51]} e4
{[%clk 0:40:28]} 29. Nh2 {[%clk 0:45:57]} h5 {[%clk 0:35:31]} 30. Kg3
{[%clk 0:38:40]} Qg5 {[%clk 0:33:54]} 31. Re2 {[%clk 0:37:34]} d5
{[%clk 0:30:36]} 32. Qxc7 {[%clk 0:34:20]} Rbc8 {[%clk 0:26:29]} 33. Qd7
{[%clk 0:32:12]} Rf8 {[%clk 0:25:37]} 34. dxe4 {[%clk 0:30:23]} Qf4+
{[%clk 0:25:04]} 35. Kg2 {[%clk 0:29:45]} dxe4 {[%clk 0:24:19]} 36. Qd4
{[%clk 0:29:02]} Rce8 {[%clk 0:23:08]} 37. Rae1 {[%clk 0:27:22]} h4
{[%clk 0:22:26]} 38. Rxe4 {[%clk 0:26:21]} Rxe4 {[%clk 0:22:50]} 39. Rxe4
{[%clk 0:26:11]} Qh6 {[%clk 0:23:14]} 40. Qe3 {[%clk 0:23:43]} h3+
{[%clk 0:22:04]} 41. Qxh3 {[%clk 0:20:52]} Rxf2+ {[%clk 0:20:46]} 42. Kg3
{[%clk 0:21:09]} Qxh3+ {[%clk 0:20:57]} 43. Kxh3 {[%clk 0:21:37]} Rxb2
{[%clk 0:21:16]} 44. Re5 {[%clk 0:21:21]} Rb3 {[%clk 0:21:30]} 45. Rxa5
{[%clk 0:21:41]} Rxc3+ {[%clk 0:21:57]} 46. Kh4 {[%clk 0:21:54]} Kh7
{[%clk 0:22:08]} 47. Ra8 {[%clk 0:21:09]} Kg6 {[%clk 0:21:59]} 48. Ra6+
{[%clk 0:20:46]} Kh7 {[%clk 0:22:11]} 49. Kg5 {[%clk 0:20:31]} Rc5+
{[%clk 0:22:27]} 50. Kf4 {[%clk 0:20:53]} Rc4+ {[%clk 0:22:51]} 51. Kg3
{[%clk 0:21:16]} Rc3+ {[%clk 0:22:13]} 52. Nf3 {[%clk 0:21:39]} Ra3
{[%clk 0:22:40]} 53. Kf4 {[%clk 0:21:52]} Rb3 {[%clk 0:23:00]} 54. Ng5+
{[%clk 0:22:12]} Kg8 {[%clk 0:23:09]} 55. Ra8+ {[%clk 0:22:36]} Rb8
{[%clk 0:23:35]} 56. Rxb8# {[%clk 0:23:00]} 1-0

[Event "MSRCH16"]
[Site "?"]
[Date "2026.04.17"]
[Round "9.10"]
[White "Livnansky, Michal"]
[Black "Tirko, Martin"]
[Result "1/2-1/2"]
[BlackElo "1766"]
[WhiteElo "1910"]
[LiveChessVersion "1.4.8"]

1. e4 {[%clk 1:30:42]} c6 {[%clk 1:30:56]} 2. Nc3 {[%clk 1:31:08]} d5
{[%clk 1:31:21]} 3. Nf3 {[%clk 1:31:35]} dxe4 {[%clk 1:31:41]} 4. Nxe4
{[%clk 1:31:48]} Bg4 {[%clk 1:32:07]} 5. Bc4 {[%clk 1:30:22]} e6 {[%clk 1:32:25]}
6. h3 {[%clk 1:27:04]} Bh5 {[%clk 1:32:48]} 7. O-O {[%clk 1:16:19]} Nf6
{[%clk 1:32:23]} 8. Ng3 {[%clk 1:16:23]} Bg6 {[%clk 1:32:38]} 9. Re1
{[%clk 1:13:24]} Be7 {[%clk 1:31:46]} 10. d4 {[%clk 1:11:05]} O-O
{[%clk 1:31:15]} 11. Bg5 {[%clk 1:07:17]} Nbd7 {[%clk 1:28:49]} 12. h4
{[%clk 1:02:28]} h6 {[%clk 1:26:45]} 13. Bd2 {[%clk 1:01:24]} Nh5
{[%clk 1:14:26]} 14. Nxh5 {[%clk 0:57:51]} Bxh5 {[%clk 1:14:49]} 15. g3
{[%clk 0:56:11]} Nb6 {[%clk 1:14:41]} 16. Bd3 {[%clk 0:56:16]} Bf6
{[%clk 1:09:17]} 17. c3 {[%clk 0:55:24]} c5 {[%clk 1:08:45]} 18. Be4
{[%clk 0:46:35]} cxd4 {[%clk 1:08:01]} 19. Bxb7 {[%clk 0:45:10]} Rb8
{[%clk 1:08:25]} 20. Be4 {[%clk 0:39:46]} dxc3 {[%clk 1:07:18]} 21. Bxc3
{[%clk 0:30:36]} Bxc3 {[%clk 1:05:54]} 22. bxc3 {[%clk 0:29:07]} Qxd1
{[%clk 1:02:25]} 23. Raxd1 {[%clk 0:29:25]} Rfc8 {[%clk 1:02:08]} 24. Rd6
{[%clk 0:23:23]} Bxf3 {[%clk 0:53:38]} 25. Bxf3 {[%clk 0:23:43]} Rxc3
{[%clk 0:54:06]} 26. Be4 {[%clk 0:22:57]} Ra3 {[%clk 0:54:12]} 27. Red1
{[%clk 0:22:34]} g6 {[%clk 0:54:24]} 28. Rd8+ {[%clk 0:19:42]} Rxd8
{[%clk 0:53:41]} 29. Rxd8+ {[%clk 0:20:06]} Kg7 {[%clk 0:54:08]} 30. Rd2
{[%clk 0:20:13]} Nd5 {[%clk 0:53:43]} 31. Bxd5 {[%clk 0:11:41]} exd5
{[%clk 0:54:01]} 32. Rxd5 {[%clk 0:12:08]} Rxa2 {[%clk 0:54:26]} 33. Rd7
{[%clk 0:12:28]} a5 {[%clk 0:54:47]} 34. Rd6 {[%clk 0:09:42]} a4 {[%clk 0:55:03]}
35. Ra6 {[%clk 0:10:05]} a3 {[%clk 0:54:48]} 36. Kg2 {[%clk 0:09:48]} Ra1
{[%clk 0:55:06]} 37. Kh2 {[%clk 0:09:18]} a2 {[%clk 0:55:29]} 38. Kg2
{[%clk 0:09:21]} Kf8 {[%clk 0:55:23]} 39. f4 {[%clk 0:08:01]} Ke7
{[%clk 0:55:38]} 40. Ra7+ {[%clk 0:07:55]} Kf6 {[%clk 0:55:43]} 41. Ra5
{[%clk 0:07:53]} Ke6 {[%clk 0:56:02]} 42. Kh2 {[%clk 0:07:48]} Kd6
{[%clk 0:56:22]} 43. Kg2 {[%clk 0:07:32]} Kc6 {[%clk 0:56:49]} 44. Kh2
{[%clk 0:07:28]} Kb6 {[%clk 0:56:52]} 45. Ra8 {[%clk 0:07:46]} Kc5
{[%clk 0:56:58]} 46. Ra4 {[%clk 0:01:33]} Kb5 {[%clk 0:56:56]} 47. Ra8
{[%clk 0:28:41]} Kc4 {[%clk 1:27:15]} 48. Ra7 {[%clk 0:28:47]} Kd3
{[%clk 1:27:31]} 49. Ra6 {[%clk 0:27:08]} Ke4 {[%clk 1:27:49]} 50. Ra3
{[%clk 0:26:59]} Kf5 {[%clk 1:27:57]} 51. Ra5+ {[%clk 0:26:48]} Kg4
{[%clk 1:28:15]} 52. Ra3 {[%clk 0:27:14]} h5 {[%clk 1:28:20]} 53. Ra5
{[%clk 0:26:05]} f6 {[%clk 1:28:27]} 54. Ra3 {[%clk 0:25:37]} Rb1
{[%clk 1:26:10]} 55. Rxa2 {[%clk 0:26:02]} Rb3 {[%clk 1:26:34]} 56. Rg2
{[%clk 0:26:15]} Kf3 {[%clk 1:26:55]} 57. Rc2 {[%clk 0:24:22]} Re3
{[%clk 1:25:58]} 58. Rc1 {[%clk 0:17:13]} Re2+ {[%clk 1:24:21]} 59. Kh3
{[%clk 0:15:57]} Kf2 {[%clk 1:23:00]} 60. Rb1 1/2-1/2

[Event "MSRCH16"]
[Site "?"]
[Date "2026.04.17"]
[Round "9.11"]
[White "Hudak, Michal"]
[Black "Pauko, Sebastian"]
[Result "1-0"]
[BlackElo "1726"]
[WhiteElo "1804"]
[LiveChessVersion "1.4.8"]

1. d4 {[%clk 1:30:41]} d5 {[%clk 1:30:47]} 2. Nf3 {[%clk 1:31:02]} Nf6
{[%clk 1:30:59]} 3. e3 {[%clk 1:31:23]} Bg4 {[%clk 1:30:59]} 4. h3
{[%clk 1:31:35]} Bh5 {[%clk 1:31:22]} 5. g4 {[%clk 1:31:05]} Bg6 {[%clk 1:31:37]}
6. Ne5 {[%clk 1:31:20]} Nbd7 {[%clk 1:30:42]} 7. h4 {[%clk 1:27:25]} h6
{[%clk 1:22:47]} 8. Nxg6 {[%clk 1:26:58]} fxg6 {[%clk 1:23:10]} 9. Bd3
{[%clk 1:27:22]} Kf7 {[%clk 1:21:31]} 10. f4 {[%clk 1:03:43]} c5 {[%clk 1:17:26]}
11. c3 {[%clk 0:50:30]} c4 {[%clk 1:13:26]} 12. Bc2 {[%clk 0:50:58]} e6
{[%clk 1:10:01]} 13. g5 {[%clk 0:47:39]} Ne4 {[%clk 0:58:09]} 14. Qf3
{[%clk 0:45:57]} Nd6 {[%clk 0:52:00]} 15. h5 {[%clk 0:42:15]} Nf5
{[%clk 0:46:18]} 16. hxg6+ {[%clk 0:42:29]} Kxg6 {[%clk 0:44:46]} 17. Qh5+
{[%clk 0:41:31]} Kh7 {[%clk 0:45:12]} 18. g6+ {[%clk 0:41:30]} Kg8
{[%clk 0:45:25]} 19. Bxf5 {[%clk 0:41:57]} exf5 {[%clk 0:45:38]} 20. Qxf5
{[%clk 0:42:26]} Nf6 {[%clk 0:45:48]} 1-0